Vasishta ramayana: sangatya (Record no. 141835)

MARC details
000 -LEADER
fixed length control field 00624nam a2200217Ia 4500
003 - CONTROL NUMBER IDENTIFIER
control field OSt
005 - DATE AND TIME OF LATEST TRANSACTION
control field 20250812102712.0
008 - FIXED-LENGTH DATA ELEMENTS--GENERAL INFORMATION
fixed length control field 210210b1964 xxu||||| |||| 00| 0 eng d
040 ## - CATALOGING SOURCE
Transcribing agency AL
041 ## - LANGUAGE CODE
Language code of text/sound track or separate title Kannada
082 ## - DEWEY DECIMAL CLASSIFICATION NUMBER
Classification number 851/387
100 ## - MAIN ENTRY--PERSONAL NAME
Personal name RAMANAYAKA (B) Ed
Dates associated with a name ರಾಮನಾಯಕ (ಬಿ)
9 (RLIN) 235067
245 ## - TITLE STATEMENT
Title Vasishta ramayana: sangatya
Remainder of title ವಸಿಷ್ಠ ರಾಮಾಯಣ: ಸಾಂಗತ್ಯ
260 ## - PUBLICATION, DISTRIBUTION, ETC.
Place of publication, distribution, etc. Kasaragod
Name of publisher, distributor, etc. -
Date of publication, distribution, etc. 1964
650 ## - SUBJECT ADDED ENTRY--TOPICAL TERM
Topical term or geographic name entry element Vasishta
9 (RLIN) 235068
650 ## - SUBJECT ADDED ENTRY--TOPICAL TERM
Topical term or geographic name entry element sangatya
9 (RLIN) 235069
650 ## - SUBJECT ADDED ENTRY--TOPICAL TERM
Topical term or geographic name entry element ramayana:
9 (RLIN) 235070
690 ## - LOCAL SUBJECT ADDED ENTRY--TOPICAL TERM (OCLC, RLIN)
Topical term or geographic name as entry element Kannada Poetry
9 (RLIN) 235071
906 ## - LOCAL DATA ELEMENT F, LDF (RLIN)
a 018404
942 ## - ADDED ENTRY ELEMENTS (KOHA)
Source of classification or shelving scheme Dewey Decimal Classification
Koha item type Book
Holdings
Withdrawn status Lost status Source of classification or shelving scheme Damaged status Not for loan Collection code Home library Current library Shelving location Date acquired Cost, normal purchase price Total Checkouts Full call number Barcode Date last seen Price effective from Koha item type
    Dewey Decimal Classification     Kannada St Aloysius Library St Aloysius Library   02/17/2021 0.00   851/387 018404 02/17/2021 02/17/2021 Book